UConn Women's Basketball 2024-2025 Roster - Statistics

General Stats
  • This quiz has been taken 319 times
  • The average score is 11 of 14
Answer Stats
Hint Answer % Correct
5 Paige Bueckers
99%
2 KK Arnold
97%
35 Azzi Fudd
95%
21 Sarah Strong
91%
8 Jana El Alfy
85%
25 Ice Brady
83%
20 Kaitlyn Chen
82%
12 Ashlynn Shade
80%
44 Aubrey Griffin
80%
33 Caroline Ducharme
76%
23 Morgan Chelli
74%
11 Allie Ziebell
69%
34 Ayanna Patterson
69%
10 Qadence Samuels
68%
No matching quizzes found
Score Distribution
Percent of People with Each Score
Percentile by Number Answered
Your Score History
You have not taken this quiz